000 01289cam a22003613a 4500
001 2340
005 20240719090233.0
020 _a0439789540 (pbk.)
020 _a1415649189
020 _a9780439789547
040 _aBKX
_cBKX
_dBAKER
_dJP3
_dDLC
_beng
050 0 0 _aMLCM 2006/43435
082 0 4 _a533
_222
100 1 _aSander, Sonia
245 1 4 _aThe biggest Easter egg /
_cby Sonia Sander ; illustrated by the Artifact Group.
250 _aFirst printing, February 2006
260 _aNew York :
_bScholastic,
_c2006
300 _a30 unnumbered pages :
_billustrations
_c23 cm
500 _a"Based on the Scholastic book series 'Clifford the big red dog' by Norman Bridwell."
505 _aJ
520 _aClifford wants to decorate the biggest Easter egg and so he uses an ostrich egg.
521 0 _a490
_bLexile
521 1 _aJ
_bRaz-Plus
650 0 _aClifford (Fictitious character : Bridwell)
_vJuvenile fiction.
650 0 _aEaster eggs
_vJuvenile fiction.
650 0 _aDogs
_vJuvenile fiction.
650 1 _aClifford (Fictitious character : Bridwell)
_vFiction.
650 1 _aEaster eggs
_vFiction.
650 1 _aDogs
_vFiction.
700 1 _aThe Artifact Group
_eIllustrators
906 _a7
_bcbc
_ccopycat
_d2
_encip
_f20
_gy-gencatlg
942 _2ddc
_cBK
_n0
999 _c2340
_d2340